Střešní krytina se stojatou drážkou.

Saved in:
Bibliographic Details
Corporate Authors: LINDAB, s.r.o.- CZ (Praha 6) (Author), LINDAB - SK (Bratislava) (Compiler)
Format: Book
Language:Czech
Published: [S.l.] : [s.n.], 2009
Edition:[1. vyd.]
Subjects:
Online Access: Get full text
Tags: Add Tag
No Tags, Be the first to tag this record!

MARC

LEADER 00000nam a2200000 4500
003 SK-BrCVT
005 20220621162615.0
008 100310s2009 xr e ||||||cze d
035 |a CVTIDW1522273 
040 |b slo  |a CVTI SR  |e AACR2 
041 0 |a cze 
044 |a xr 
080 |a 692.415  |2 UDC-MRF 
080 |a 691.7  |2 UDC-MRF 
110 2 |a LINDAB, s.r.o.- CZ (Praha 6)  |4 aut 
245 1 0 |a Střešní krytina se stojatou drážkou. 
250 |a [1. vyd.] 
260 |a [S.l.] :  |b [s.n.],  |c 2009 
300 |a 11 s. :  |b obr. ; 
653 1 |a strešná krytina  |a tenký oceľový plech  |a polyesterová úprava 
710 2 |a LINDAB - SK (Bratislava)  |4 com 
910 |b F029617 
959 |a 6706 
959 |a 6705 
974 |f Firemná literatúra 
992 |a FFP 
999 |c 151433  |d 151433